| 000 | 01235nam a22002297a 4500 | ||
|---|---|---|---|
| 003 | OSt | ||
| 005 | 20200921141004.0 | ||
| 008 | 200921s2011 en ado|gr|||| 00| 0 spa d | ||
| 040 |
_aCO-JMCR _cCO-JMCR |
||
| 041 | 0 | _aspa | |
| 082 | 0 | 4 |
_a304.28 / _bC778c _223 |
| 110 | 2 |
_aCoordinadora Andina de Organizaciones indígenas - CAOI _910582 |
|
| 245 | 1 | 0 |
_aCrisis climática : _bimpactos y políticas : perspectivas y propuestas de los pueblos Indígenas Andinos |
| 250 | _aPrimera edición | ||
| 260 |
_aLima (Perú) : _bCoordinadora Andina de Organizaciones Indígenas, CAOI, _c2011. |
||
| 300 |
_a156 páginas : _bilustraciones, gráficos, fotografías a blanco y negro ; _c21 cm. |
||
| 505 | 0 | _aNegociaciones internacionales. -- Cambio climático e impactos sobre pueblos indígenas andinos. -- Planes nacionales de los Estados Andinos frente al cambio climático. -- Demandas y propuestas de los pueblos indígenas. -- Pueblos andinos: civilización y presente. -- Percepción del impacto del cambio climático | |
| 650 | 2 | 4 |
_aCambios climáticos _xRegión de los Andes _910583 |
| 650 | 2 | 4 |
_xRegión de los Andes _aIndios de América del Sur _910584 |
| 650 | 2 | 4 |
_aPolítica ambiental _xRegión de los Andes _910585 |
| 942 |
_2ddc _cBK |
||
| 999 |
_c6869 _d6869 |
||